Türkiye Cumhuriyetinin ikinci sanayi planı 1936 (Record no. 6211)

MARC details
000 -BAŞLIK
Sabit Uzunlukta Kontrol Alanı 00862na a2200265 4500
001 - KONTROL NUMARASI
Denetim Alanı 20373
003 - KONTROL NUMARASI IDENTIFIER
Denetim Alanı MIRAKIL
005 - SON İŞLEM TARİHİ VE ZAMANI
Denetim Alanı 20181213155100.0
008 - SABİT-BOY VERİ ELEMANLARI - GENEL BİLGİLER
Sabit Uzunlukta Kontrol Alanı 170119b tu 000 0
035 ## - SİSTEM KONTROL NUMARASI
Sistem Kontrol Numarası 20373
040 ## - KATALOGLAMA KAYNAK
Orijinal Kataloglama Ajansı Milas
Kataloglama Dili tur
Metne Dönüştürmek Ajansı TR-AnCHP
041 ## - DİL KODU
Metin / Ses Parça Veya Ayrı Başlığın Dil Kodu tur
082 ## - DEWEY ONLU SINIFLANDIRMA NUMARASI
Sınıflandırma Numarası 338.9
Ürün Numarası İ52t 1973
090 ## - SINIFLAMA NUMARASI
Sınıflama Numarası 338.9 İ52t 1973
100 ## - ANA GİRİŞ - KİŞİSEL İSİM
Kişisel Ad İnan, Afet
245 ## - BAŞLIK TABLOSU
Başlık Türkiye Cumhuriyetinin ikinci sanayi planı 1936
Sorumluluk Tablosu, Vb Afet İnan
260 ## - YAYIN, DAĞITIM, VB
Yayın, Dağıtım, Vb Yeri Ankara
Yayıncı, Dağıtıcı, Vs Adı Türk Tarih Kurumu Basımevi
Yayın, Dağıtım, Vb Tarihi 1973
300 ## - FİZİKSEL TANIM
Kapsam 356 s.
Diğer Fiziksel Ayrıntıları ktl. hrt.; grf.
Boyutlar 24 sm.
440 ## - SERİSİ TABLOSU / KATMA GİRİŞİ - BAŞLIK
Başlık Türk Tarih Kurumu Yayınlarından
Bir İşin Parçası / Bölüm Sayısı xıv. seri
Hacim / Ardışık Tanımı 21
500 ## - GENEL NOT
Genel Not Bu eser cumhuriyetin 50. yıl dönümü anısına adanmıştır.
500 ## - GENEL NOT
Genel Not Metin dışında 9 harita, 5 kroki, 1 grafik, 2 cetvel vardır.
650 ## - KONU KATMA GİRİŞ - TOPİKAL DÖNEM
Topikal Süreli Veya Coğrafi Ad Giriş Elemanı Sanayi planı, 2
Coğrafi Alt Bölümü Türkiye
650 ## - KONU KATMA GİRİŞ - TOPİKAL DÖNEM
Topikal Süreli Veya Coğrafi Ad Giriş Elemanı Sanayi
Coğrafi Alt Bölümü Türkiye
942 ## - EKLENDİ GİRİŞ ELEMANLARI (KOHA)
Sınıflandırma Veya Raf Düzeni Kaynak Dewey Decimal Classification
Koha Öğesi Türü Books
999 ## - SİSTEM KONTROL NUMARALARI (KOHA)
Koha Biblionumber 6211
Koha Biblioitemnumber 6211
Holdings
Kalıcı Konum Mevcut Konum Edinme Tarihi Edinim Kaynak Toplam Check-Out'Lar Tam Çağrı Numarası Barkod Tarih Son Görülme İtibaren Geçerli Fiyatlar Koha Öğesi Türü Sigara Kamu Notu
CHP Kütüphanesi CHP Kütüphanesi 01/18/2017 Bağış   338.9 İ52t 1973 012012 01/18/2017 01/18/2017 Books  
Parti Okulu Kütüphanesi Parti Okulu Kütüphanesi 11/04/2020     338.9 İ52t 1973 P00699 11/04/2020 11/04/2020 Books Emine Başak Alkan Bağışıdır.